000
00292nam a2200121Ia 4500
008
190216s9999||||xx |||||||||||||| ||und||
100
_a
Ponkunnam Sayedmohammed
245
0
_a
Mahammadam Mahakavyam
260
_b
Suni Publications
_c
1978
300
_a
412p
650
_a
Kavithkal
942
_c
BK
999
_c
25395
_d
25395